LEADER 01548nam 2200373Ia 450 001 996395577403316 005 20210104171612.0 035 $a(CKB)3810000000016402 035 $a(EEBO)2240883598 035 $a(OCoLC)ocn489263614e 035 $a(OCoLC)489263614 035 $a(EXLCZ)993810000000016402 100 $a20091216d1700 uy 0 101 0 $aeng 135 $aurbn||||a|bb| 200 14$aThe whole duty of man epitomiz'd for the benefit of the poor with select prayers suited to every partttion [sic]$b[electronic resource] /$fby Edmond Stacy, a minister of the Church of England 210 $aDublin $cPrinted by John Brocas, for Jacob Milner in Essex-Street, and John Gill at the corner of Christ-Church-Lane$d1700 215 $a[8], 134 p 300 $aAn abridgment by Edmund Stacy of Richard Allestree's "Whole duty of man." 300 $aImperfect: tightly bound with some loss of text. 300 $aReproduction of original in: Trinity College (Dublin, Ireland). Library. 330 $aeebo-0159 606 $aDevotional exercises$vEarly works to 1800 606 $aChristian life$vEarly works to 1800 615 0$aDevotional exercises 615 0$aChristian life 700 $aAllestree$b Richard$f1619-1681.$0793142 701 $aStacy$b Edmund$fb. 1657 or 8.$01010337 801 0$bUMI 801 1$bUMI 906 $aBOOK 912 $a996395577403316 996 $aThe whole duty of man epitomiz'd for the benefit of the poor with select prayers suited to every partttion$92339775 997 $aUNISA